Normal view MARC view

Entry Personal Name

Number of records used in: 1

001 - CONTROL NUMBER

  • control field: 1084

003 - CONTROL NUMBER IDENTIFIER

  • control field: DLC

005 - DATE AND TIME OF LATEST TRANSACTION

  • control field: 20200104130709.0

008 - FIXED-LENGTH DATA ELEMENTS

  • fixed length control field: 031231n| acannaabn |n aaa

010 ## - LIBRARY OF CONGRESS CONTROL NUMBER

  • LC control number: n 2003023483

040 ## - CATALOGING SOURCE

  • Original cataloging agency: DLC
  • Language of cataloging: eng
  • Transcribing agency: DLC

100 1# - HEADING--PERSONAL NAME

  • Personal name: Hudgins, Sylvia Conway,
  • Dates associated with a name: 1956-

670 ## - SOURCE DATA FOUND

  • Source citation: OCLC, Jan. 31, 2003
  • Information found: (hdg. Hudgins, Sylvia Conway, 1956- ; Ph.D Virginia Polytech. Inst. and State Univ., 1987)

670 ## - SOURCE DATA FOUND

  • Source citation: Rose, Peter S. Bank management and financial services, c2005:
  • Information found: CIP t.p. (Sylvia C. Hudgins, Old Dominion Univ.)

Powered by Koha